000 00567nam a2200193 a 4500
005 20140310183257.0
008 041104s19uu xx 00 eng d
050 _aRT 73
_b.Si624 2004
100 _aSiviter, Bethann
245 _aThe student nurse handbook :
_ba survival guide./
300 _a262 p. :
_bill. ;
_c23 cm.
521 _aNUR
650 _aNursing students
_xHandbooks,manuals, etc.
650 _aNursing
_xStudy and teaching
_xHandbooks, manuals, etc.
650 _aNursing.
650 _aNursing Care.
942 _cBK
_2lcc
_kFOR
999 _c20873
_d20873